00570nam a2200193 i 4500001001100000003000500011005001700016008004100033040002500074082001500099100002700114245005500141264006000196300002400256336002100280337002500301338002300326650002700349C2-0070208PPAK20190630222135.0970429s1978 ir |||| ||||| | eng d aPPAKbengcPPAKerda04a350.852231 aMathew, N.T., eauthor12aA statistical system for cultural planning in Asia 1aTehran : bAsian Cultural Documentation Center , c1978 a116 pages ; c22 cm 2rdacontentatext 2rdamediaaunmediated 2rdacarrieravolume10aAsia - Cultural policy